书目信息 |
| 题名: |
大学英语西级考试听力达标突破
|
|
| 作者: | 袁锡兴 主编 | |
| 分册: | ||
| 出版信息: | 北京 世界图书出版公司 2001.09 |
|
| 页数: | 259页 | |
| 开本: | 21cm | |
| 丛书名: | ||
| 单 册: | ||
| 中图分类: | H310.40 | |
| 科图分类: | ||
| 主题词: | 英语--高等学校--水平考试--自学参考资料 | |
| 电子资源: | ||
| ISBN: | 7-5062-4346-6 | |
| 000 | 00684nam0 2200217 450 | |
| 001 | 012006000000 | |
| 005 | 20070611161721.91 | |
| 010 | @a7-5062-4346-6@dCNY10.50 | |
| 100 | @a20070509d2001 em y0chiy0110 ea | |
| 101 | 0 | @achi |
| 102 | @aCN@b110000 | |
| 105 | @ay z 000yy | |
| 200 | 1 | @a大学英语西级考试听力达标突破@ADa Xue Ying Yu Xi Ji Kao Shi Ting Li Da Biao Tu Po@f袁锡兴主编@FYuan Xi Xing Zhu Bian |
| 210 | @a北京@c世界图书出版公司@d2001.09 | |
| 215 | @a259页@d21cm | |
| 606 | 0 | @a英语@x高等学校@x水平考试@j自学参考资料 |
| 690 | @aH310.40@v4 | |
| 701 | 0 | @a袁锡兴@AYuan Xi Xing@4主编 |
| 801 | 0 | @aCN@bBJSWSY@c20070611 |
| 905 | @aBZT@dH310.40@e1 | |
| 906 | @dCNY10.50@n0@r1 | |
| 大学英语西级考试听力达标突破/袁锡兴主编.-北京:世界图书出版公司,2001.09 |
| 259页;21cm |
| ISBN 7-5062-4346-6:CNY10.50 |
| ● |
| 相关链接 |
|
|
|
正题名:大学英语西级考试听力达标突破
索取号:H310.40/1
 
预约/预借
| 序号 | 登录号 | 条形码 | 馆藏地/架位号 | 状态 | 备注 |
| 1 | 482314 | 230030967 | 中心书库北库/ 北库021架A面4列5层43/ [索取号:H310.40/1] | 在馆 | |
| 2 | 482315 | 230030966 | 中心书库北库/ 北库021架A面4列5层41/ [索取号:H310.40/1] | 在馆 | |
| 3 | 482316 | 230030965 | 中心书库北库/ 北库021架A面4列5层44/ [索取号:H310.40/1] | 在馆 | |
| 4 | 482317 | 230030964 | 中心书库北库/ 北库021架A面4列5层42/ [索取号:H310.40/1] | 在馆 | |
| 5 | 482318 | 230030963 | 中心书库北库/ 北库021架A面4列5层45/ [索取号:H310.40/1] | 在馆 | |
| 6 | 551613 | 230144102 | 中心书库中库/ 中库037架B面4列5层24/ [索取号:H310.40/1] | 在馆 | |
| 7 | 551614 | 230144101 | 中心书库中库/ 中库037架B面4列5层21/ [索取号:H310.40/1] | 在馆 | |
| 8 | 551615 | 230144100 | 中心书库中库/ 中库037架A面1列3层3/ [索取号:H310.40/1] | 在馆 | |
| 9 | 551616 | 230144099 | 中心书库中库/ 中库037架B面4列5层27/ [索取号:H310.40/1] | 在馆 | |
| 10 | 551617 | 230144098 | 中心书库中库/ 中库037架B面4列5层22/ [索取号:H310.40/1] | 在馆 | |
| 11 | 551618 | 230144097 | 中心书库中库/ 中库037架A面1列3层2/ [索取号:H310.40/1] | 在馆 | |
| 12 | 551619 | 230144096 | 中心书库中库/ 中库037架B面4列5层25/ [索取号:H310.40/1] | 在馆 | |
| 13 | 551620 | 230144095 | 中心书库中库/ 中库037架B面4列5层23/ [索取号:H310.40/1] | 在馆 | |
| 14 | 551621 | 230144094 | 中心书库中库/ 中库037架B面4列5层26/ [索取号:H310.40/1] | 在馆 | |
| 15 | 551622 | 230144093 | 中心书库中库/ 中库037架A面2列6层54/ [索取号:H310.40/1] | 在馆 |